El último curso / (Registro nro. 10899)

Detalles MARC
000 -LIDER
fixed length control field 00907nam a22002777a 4500
001 - NÚMERO DE CONTROL
Identificador de número de control 000388
003 - IDENTIFICACDOR DE NÚMERO DE CONTROL
control field DO-SdBNP
005 - DATE AND TIME OF LATEST TRANSACTION
control field 20180213141539.0
007 - CAMPOS FIJOS DE DESCRIPCIÓN FÍSICA
fixed length control field 000388
008 - ELEMENTOS DE LONGITUD FIJA
fixed length control field 160715b 2009 spa ||||| |||| 00| 0 spa d
020 ## - ISBN
International Standard Book Number 9788466785044
040 ## - FUENTE DE CATALOGACIÓN
Agencia que crea de manera original el registro BPMSU
Idioma de catalogación spa
Agencia que realiza la transcripción BPMSU
092 ## - LOCALLY ASSIGNED DEWEY DECIMAL CALL NUMBER
Número de clasificación xxxxx
Número de ítem (Cutter) xxxxx
100 1# - ASIENTO PRINCIPAL -- NOMBRE PERSONAL
Nombre personal Matilla, Luis,
Fechas asociadas con el nombre 1938-
245 10 - MENCIÓN DE TITULO
Título El último curso /
Mención de responsabilidad Luis Matilla ; ilustraciones de Mercè López
260 ## - PUBLICACIÓN, DISTRIBUCIÓN, ETC. (PIE DE IMPRENTA)
Lugar de publicación, distribución, etc Madrid :
Nombre del editor, distribuidor, etc. Anaya :
-- Ediciones Autor,
Fecha de publicación, distribución, etc 2009.
300 ## - DESCRIPCIÓN FÍSICA
Extensión 125 p. :
Otros detalles físicos il. ;
Dimensiones 20 cm.
490 1# - MENCIÓN DE SERIES
Mención de serie Sopa de libros.
-- Teatro
Volume/sequential designation 15
500 ## - NOTA GENERAL
Nota general Incluye datos del autor en la solapa de la cubierta.
586 ## - AWARDS NOTE
Awards note Primer Premio SGAE de Teatro Infantil y Juvenil, 2008.
700 10 - ASIENTO SECUNDARIO -- NOMBRE PERSONAL
Nombre personal López, Mercè,
Fechas asociadas con el nombre 1979-
Mención de responsabilidad il.
830 #0 - ASIENTO SECUNDARIO DE SERIE--TÍTULO UNIFORME
Título uniforme Sopa de libros.
Nombre de la parte o sección de una obra Teatro ;
Volume number/sequential designation 15
942 ## - ADDED ENTRY ELEMENTS (KOHA)
Source of classification or shelving scheme Dewey Decimal Classification
Koha item type Libros
945 ## - INFORMACIÓN DE PROCESAMIENTO LOCAL
Información de procesamiento local Inventariado, 2018/ YL
956 ## - LOCAL ELECTRONIC LOCATION AND ACCESS (OCLC)
Método de acceso LOPEREZ
Materiales especificados 10
Enlace 20160715
Campo enlazado y núm. de secuencia BPMSU
Nombre de host 00041
Existencias
Withdrawn status Lost status Source of classification or shelving scheme Damaged status Not for loan Collection code Home library Current library Date acquired Source of acquisition Total Checkouts Barcode Date last seen Price effective from Koha item type
    Dewey Decimal Classification     Colección Juvenil General Biblioteca Pública Metropolitana Salomé Ureña Biblioteca Pública Metropolitana Salomé Ureña 07/15/2016 FUNDI   BPMSU16070493 07/15/2016 07/15/2016 Libros